U.S Presidental Assassination True/False - Statistics

General Stats
  • This quiz has been taken 22 times
  • The average score is 5 of 10
Answer Stats
Question Answer % Correct
Theodore Roosevelt survived an assassination attempt due to the bullet not penitrating through his 50 page speech and his glasses case. True
100%
There were two assassination attempts in September 1975. True
62%
The leading theory is that President Taylor died of an assassination False
57%
Vallee’s attempt to assassinate Kennedy was stopped due to being pulled over for a traffic violation. True
52%
Truman’s assssination attempt was be people advocating for Philipines independence. False
48%
President Linclon’s assassination in 1865 marked the first time in U.S history a president was attempted to be assassinated. False
48%
Leon Czolgosz was a member of the American Socialist Party who killed Mckinley because he wanted to reform the Lower class. False
43%
Ronald Reagan is the only sitting president to be wounded in an assassination attempt. True
33%
Charles Guiteau killed President Garfield. False
29%
To avoid assassinations many presidents and vice presidents have been in the same party to decrrease political motives. True
29%
No matching quizzes found
Score Distribution
Percent of People with Each Score
Percentile by Number Answered
Your Score History
You have not taken this quiz